Songs aus ‘‘Lieder‘‘ (Adel Tawil) - Statistics

General Stats
  • This quiz has been taken 4 times
  • The average score is 9 of 32
Answer Stats
Songs/ albums/ personen Bands/ Artists Hinweis % Correct
i will always love you whitney houston whitney wird mich immer lieben
75%
like a rolling stone bob dylan wie ein rollender stein
75%
bochum herbert grönemeyer stadt in deutschland
50%
come as you are nirvana Kurt Cobain sagte mir, ich soll kommen, wie ich bin
50%
fire starter prodigy ich will ein feuerstarter sein
50%
könig von deutschland rio reiser rio mein könig
50%
loser beck war ein verlierer, baby!
50%
purple rain prince ich steh im lila regen
50%
Walk like an Egyptian the bangles ich ging wie ein ägypter
50%
welcome to the jungle guns ‘n‘ roses ich war wilkommen im Dschungel
50%
what a wonderful world louis armstrong in meine wundervollen welt
50%
when doves cry prince hab mit tauben geweint
50%
dancing with tears in my eyes ultravox tanz‘ mit tränen in den augen
25%
end of the road Boys II Men ich war am ende der straße angelangt
25%
heroes david bowie bowie war für ‘n tag mein held
25%
i won‘t let the sun go down on me nik kershaw ich ließ die sonne nicht untergehen
25%
killing in the name rage against the machine hielt ich ein cover in der hand, daraufein Mönch, der in flammen stand
25%
personal jesus depeche mode war mein persönlicher jesus
25%
vom selben stern ich + ich und doch …
25%
when will i be famous bros wann werd ich, werd ich berühmt sein
25%
worlds apart <— Bandname wir waren welten entfernt
25%
anette humpe alte bandkollegin dann traf ich auf sie
0%
du erinnerst mich an liebe ich + ich und sie erinnerte mich
0%
fremd im eigenen land advanced chemestry ich war …
0%
insane in the brain cypress hill im gehirn total karnk
0%
just died in your arms tonight cutting crew ich starb in deinen armen
0%
maria durch ein dornwald ging kirchenlied in dornwald sang maria für mich
0%
one minute the boyz … aus, dann war’s vorbei
0%
the boyz <— Bandname eine seiner alte Bands
0%
unbelivable EMF EMF können es nicht glauben
0%
voodoo child jimi hendrix war ein voodoo kind
0%
you are not alone michael jackson und michael lässt mich nicht allein
0%
No matching quizzes found
Score Distribution
Percent of People with Each Score
Percentile by Number Answered
Your Score History
You have not taken this quiz